Quản trị kinh doanh

সংরক্ষণ করুন:
গ্রন্থ-পঞ্জীর বিবরন
প্রধান লেখক: Nguyễn Ngọc Hiến
বিন্যাস: গ্রন্থ
ভাষা:Undetermined
প্রকাশিত: H. Lao Động 2003
বিষয়গুলি:
ট্যাগগুলো: ট্যাগ যুক্ত করুন
কোনো ট্যাগ নেই, প্রথমজন হিসাবে ট্যাগ করুন!
Thư viện lưu trữ: Trung tâm Học liệu Trường Đại học Cần Thơ
LEADER 00532nam a2200193Ia 4500
001 CTU_58822
008 210402s9999 xx 000 0 und d
020 |b 45000 
082 |a 658.02 
082 |b H305 
100 |a Nguyễn Ngọc Hiến 
245 0 |a Quản trị kinh doanh 
245 0 |c Nguyễn Ngọc Hiến 
260 |a H. 
260 |b Lao Động 
260 |c 2003 
650 |a industrial management,business enterprises 
650 |x management 
980 |a Trung tâm Học liệu Trường Đại học Cần Thơ